| 000 | 00679cam a22002291 4500 | ||
|---|---|---|---|
| 001 | 8469 | ||
| 003 | BD-RjUL | ||
| 005 | 20211208234608.0 | ||
| 008 | 140118r19511949enka 001 0 eng | ||
| 035 | _a(BD-RjUL)8514 | ||
| 040 |
_aDLC/ICU _cICU _dBD-RjUL _beng |
||
| 041 | _aeng | ||
| 082 | 0 | 0 |
_a519 _bDAP 1951 _223 |
| 100 | 1 |
_aDavid, F. N. _q(Florence Nightingale), _d1909-1993. _925518 |
|
| 245 | 1 | 0 |
_aProbability theory for statistical methods / _cF. N. David |
| 260 |
_aCambridge : _bUniversity Press, _c1949 [reprint 1951]. |
||
| 300 |
_aix, 230 p. : _bill. : _c22 cm. |
||
| 500 | _aIncludes index. | ||
| 650 | 0 |
_aProbabilities. _926372 |
|
| 942 |
_2ddc _cBK |
||
| 999 |
_c8469 _d8469 |
||